00457nam a2200157 a 450000500170000000800410001702000180005805000230007610000170009924500360011626000320015230000090018444000300019352000520022365000240027520140412111429.0090226s19uu xx 00 eng d a0-439-33490-x aTR(PS EbTo55 2002 aRex, Michael aThe Tooth fairy /cMichael Rex. aU.S.A :bScholastic,c2002. aunp. aWord by word first reader aA Visit from a Tooth fairy begins an adventure. aTooth fairy-fiction